• 首页
  • 本馆介绍
  • 公告通知
  • 最新文献
  • 馆藏检索
  • 电子资源
  • 读者导购
  • 参考咨询
  • 我的图书馆
  • 登录
  • 详细信息显示
  • 放入我的书架
  • 预约/预借图书
  • 作者相关作品
  • 分类相关作品
  • 丛书相关作品
  • 出版社相关作品

书目信息

  • 表格格式
  • 工作单格式
  • 卡片格式
题名:
文学概论新编
    
 
作者: 张孝评 著
分册:  
出版信息: 西安   西北大学出版社  1987
页数: 297页
开本: 19cm
丛书名:
单 册:
中图分类: I0
科图分类:
主题词: 文学理论
电子资源:
ISBN: 7-5604-0001-9
000 00603nam0 2200229 45
001 0187012234
005 20040425085505.4
010    @a7-5604-0001-9@dCNY1.50
100    @a19960202d1987 em y0chiy0121 ea
101 0  @achi
102    @aCN@b610000
105    @ay z 000yy
106    @ar
200 10 @a文学概论新编@Awen xue gai lun xin bian@f张孝评著
210    @a西安@c西北大学出版社@d1987
215    @a297页@d19cm
606 0  @a文学理论
690    @aI0
701  0 @a张孝评@4著@Azhang xiao ping
801  0 @aCN@b深圳图书馆@c20040425
801  2 @aCN@bNLC@c20040425
905    @f2@b207213-214@dI0@e106
    
    文学概论新编/张孝评著.-西安:西北大学出版社,1987
    297页;19cm
    
    
    ISBN 7-5604-0001-9:CNY1.50
    
●
相关链接 在E读中查询图书 在五车中查询图书 在当当中查询图书 在豆瓣中查询图书


正题名:文学概论新编     索取号:I0/106         预约/预借

序号 登录号 条形码 馆藏地/架位号 状态 备注
1 0207213   000901634   第二借阅区/ [索取号:I0/106] 在馆    
2 0207214   000901625   第二借阅区/ [索取号:I0/106] 在馆    
3 0207215   202434552   第一样本阅览室/ [索取号:I0/106] 在馆    
唐山师范学院图书馆 欢迎您!
大连网信软件有限公司© 版权所有